Dizajn pre každodennosť i večnosť

Bibliographic Details
Main Author: Štraneková, Mária (Author)
Format: Article
Language:Slovak
PhysicalDescription:Fotografie
ISSN:1335-5457
Subjects:
Online Access:http://www.uluv.sk/casopis-rud/1-2024/dizajn-pre-kazdodennost-i-vecnost/

MARC

LEADER 00000nab a2200000 a 4500
001 vtls012257844
003 SK-MaSNL
005 20260303235911.0
008 240611c2015 xo qr0p 000 a slo
015 |a SNBRB2015/04 
038 |a BAULUV 
040 |a BAULUV  |b slo  |c BAULUV  |e rda 
041 |a slo  |b eng 
044 |a xo  |c SK 
072 7 |a 391  |x Odev, móda, ozdoby   |2 konspekt 
080 |a 74  |2 2011 
080 |a 391  |2 2011 
080 |a 687  |2 2011 
100 1 |a Štraneková, Mária  |4 aut  |9 83909 
245 1 0 |a Dizajn pre každodennosť i večnosť  |c Mária Štraneková 
300 |b Fotografie 
336 |a text  |b txt  |2 rdacontent 
337 |a bez média  |b n  |2 rdamedia 
338 |a zväzok  |b nc  |2 rdacarrier 
600 1 7 |a Štraneková, Mária,  |d 1977-  |2 SNKPH  |9 101350 
650 0 7 |a odevný dizajn  |2 SNKPH  |9 71100 
650 0 7 |a udržateľná móda  |2 SNKPH  |9 572314 
650 0 7 |a odevná tvorba  |2 SNKPH  |9 1112726 
650 0 7 |a Fashion design  |2 SNKPHeng  |9 315604 
650 0 7 |a Slow fashion  |2 SNKPHeng  |9 1274958 
655 7 |a články z novín a časopisov  |2 SNKPH  |9 267496 
773 0 |t Remeslo, umenie, dizajn  |p RUD  |g Roč. 25, č. 1 (2024), s. 20-23  |x 1335-5457 
852 |a BAULUV  |b KIS3GCP 
856 2 |u http://www.uluv.sk/casopis-rud/1-2024/dizajn-pre-kazdodennost-i-vecnost/ 
958 |a SK 
958 |a RBX 
999 |c 2528421  |d 2530351